Sports Quiz

Random Sports Quiz
Score 0/124 Timer 02:00
0 Plays Today
Team Opponent % Correct
PatriotsMiami Dolphins
97.9%
PatriotsNew York Jets
97.9%
PatriotsMiami Dolphins
97.9%
PatriotsMiami Dolphins
97.9%
PatriotsIndianapolis Colts
97.9%
PatriotsIndianapolis Colts
97.9%
PatriotsNew York Jets
97.9%
PatriotsIndianapolis Colts
97.9%
PatriotsNew York Jets
97.9%
DolphinsBaltimore Colts
97.9%
DolphinsNew York Jets
97.9%
DolphinsIndianapolis Colts
97.9%
BillsNew York Jets
97.9%
BillsMiami Dolphins
97.9%
BillsMiami Dolphins
97.9%
BillsMiami Dolphins
97.9%
BillsMiami Dolphins
97.9%
JetsMiami Dolphins
97.9%
JetsIndianapolis Colts
97.9%
JetsIndianapolis Colts
97.9%
JetsIndianapolis Colts
97.9%
PatriotsPittsburgh Steelers
97.2%
PatriotsPittsburgh Steelers
97.2%
PatriotsPittsburgh Steelers
97.2%
PatriotsPittsburgh Steelers
97.2%
DolphinsPittsburgh Steelers
97.2%
DolphinsPittsburgh Steelers
97.2%
DolphinsPittsburgh Steelers
97.2%
BillsPittsburgh Steelers
97.2%
BillsPittsburgh Steelers
97.2%
BillsPittsburgh Steelers
97.2%
JetsPittsburgh Steelers
97.2%
JetsPittsburgh Steelers
97.2%
PatriotsOakland Raiders
95.8%
PatriotsLos Angeles Raiders
95.8%
PatriotsOakland Raiders
95.8%
DolphinsOakland Raiders
95.8%
DolphinsOakland Raiders
95.8%
DolphinsOakland Raiders
95.8%
DolphinsOakland Raiders
95.8%
BillsLos Angeles Raiders
95.8%
BillsLos Angeles Raiders
95.8%
Team Opponent % Correct
JetsLos Angeles Raiders
95.8%
JetsOakland Raiders
95.8%
JetsOakland Raiders
95.8%
PatriotsDenver Broncos
95.1%
PatriotsDenver Broncos
95.1%
PatriotsDenver Broncos
95.1%
DolphinsDenver Broncos
95.1%
BillsDenver Broncos
95.1%
JetsDenver Broncos
95.1%
DolphinsBuffalo Bills
93.7%
DolphinsBuffalo Bills
93.7%
DolphinsBuffalo Bills
93.7%
DolphinsBuffalo Bills
93.7%
JetsBuffalo Bills
93.7%
PatriotsSan Diego Chargers
92.3%
PatriotsSan Diego Chargers
92.3%
DolphinsSan Diego Chargers
92.3%
DolphinsSan Diego Chargers
92.3%
DolphinsSan Diego Chargers
92.3%
DolphinsSan Diego Chargers
92.3%
BillsSan Diego Chargers
92.3%
JetsSan Diego Chargers
92.3%
JetsSan Diego Chargers
92.3%
PatriotsCleveland Browns
91.5%
DolphinsCleveland Browns
91.5%
DolphinsCleveland Browns
91.5%
BillsCleveland Browns
91.5%
JetsCleveland Browns
91.5%
PatriotsJacksonville Jaguars
90.8%
PatriotsJacksonville Jaguars
90.8%
PatriotsJacksonville Jaguars
90.8%
PatriotsJacksonville Jaguars
90.8%
DolphinsJacksonville Jaguars
90.8%
BillsJacksonville Jaguars
90.8%
JetsJacksonville Jaguars
90.8%
DolphinsCincinnati Bengals
90.1%
DolphinsNew England Patriots
90.1%
DolphinsNew England Patriots
90.1%
DolphinsNew England Patriots
90.1%
BillsCincinnati Bengals
90.1%
BillsCincinnati Bengals
90.1%
JetsCincinnati Bengals
90.1%
Team Opponent % Correct
JetsNew England Patriots
90.1%
JetsNew England Patriots
90.1%
JetsCincinnati Bengals
90.1%
JetsNew England Patriots
90.1%
PatriotsNew York Giants
89.4%
PatriotsNew York Giants
89.4%
BillsNew York Giants
89.4%
PatriotsBaltimore Ravens
88.7%
PatriotsBaltimore Ravens
88.7%
DolphinsBaltimore Ravens
88.7%
DolphinsBaltimore Ravens
88.7%
DolphinsKansas City Chiefs
88%
DolphinsKansas City Chiefs
88%
DolphinsKansas City Chiefs
88%
BillsKansas City Chiefs
88%
BillsKansas City Chiefs
88%
JetsKansas City Chiefs
88%
DolphinsDallas Cowboys
85.9%
BillsDallas Cowboys
85.9%
BillsDallas Cowboys
85.9%
PatriotsHouston Oilers
85.2%
PatriotsTennessee Titans
85.2%
DolphinsHouston Oilers
85.2%
BillsHouston Oilers
85.2%
BillsHouston Oilers
85.2%
BillsTennessee Titans
85.2%
JetsHouston Oilers
85.2%
PatriotsGreen Bay Packers
81%
DolphinsWashington Redskins
81%
DolphinsWashington Redskins
81%
BillsWashington Redskins
81%
PatriotsSt. Louis Rams
80.3%
PatriotsChicago Bears
78.9%
PatriotsPhiladelphia Eagles
77.5%
PatriotsCarolina Panthers
75.4%
DolphinsSeattle Seahawks
74.6%
DolphinsSeattle Seahawks
74.6%
DolphinsSeattle Seahawks
74.6%
DolphinsMinnesota Vikings
68.3%
DolphinsSan Francisco 49ers
68.3%

You're not logged in!

Compare scores with friends on all Sporcle quizzes.
OR
Log In

Sporcle TV

Today on Sporcle TV


Watch our educational content, quiz creation guides, and fun videos on Sporcle TV.

Show Comments

Extras

Top Quizzes Today


Score Distribution

Paid Content

Your Account Isn't Verified!

In order to create a playlist on Sporcle, you need to verify the email address you used during registration. Go to your Sporcle Settings to finish the process.

Report this User

Report this user for behavior that violates our Community Guidelines.

Details: